[Event "King Abdullah II op 3rd"]
[Site "Amman"]
[Date "2009.06.24"]
[Round "8"]
[White "Feras, Abu Ibeya"]
[Black "Saad, Baha"]
[Result "1/2-1/2"]
[WhiteElo "1977"]
[BlackElo "2127"]
[PlyCount "53"]
[EventDate "2009.06.18"]
[EventType "swiss"]
[EventRounds "9"]
[EventCountry "JOR"]
[SourceTitle "EXT 2022"]
[Source "ChessBase"]
[SourceDate "2021.10.06"]
[SourceVersion "1"]
[SourceVersionDate "2021.10.06"]
[SourceQuality "1"]

1. e4 c5 2. Nf3 Nc6 3. d4 cxd4 4. Nxd4 Nf6 5. Nc3 e5 6. Ndb5 d6 7. Bg5 a6 8. Na3 b5 9. Nd5 Qa5+ 10. Bd2 Qd8 11. Bg5 Be7 12. Bxf6 Bxf6 13. c3 Bg5 14. Nc2 0-0 15. a4 bxa4 16. Rxa4 a5 17. Bb5 Bd7 18. Nce3 g6 19. 0-0 f5 20. Qb3 Kh8 21. Nc4 Rb8 22. Nxd6 Be7 23. Nxe7 Qxe7 24. Qd5 Rf6 25. Rd1 Nd4 26. Rdxd4 exd4 27. e5 1/2-1/2

[Event "King Abdullah II op 3rd"]
[Site "Amman"]
[Date "2009.06.18"]
[Round "1"]
[White "Ghalib, Abdulah"]
[Black "Saad, Baha"]
[Result "0-1"]
[WhiteElo "1867"]
[BlackElo "2127"]
[PlyCount "58"]
[EventDate "2009.06.18"]
[EventType "swiss"]
[EventRounds "9"]
[EventCountry "JOR"]
[SourceTitle "EXT 2022"]
[Source "ChessBase"]
[SourceDate "2021.10.06"]
[SourceVersion "1"]
[SourceVersionDate "2021.10.06"]
[SourceQuality "1"]

1. d4 e6 2. a3 b6 3. e4 Bb7 4. Nc3 Nf6 5. Bg5 Be7 6. Bxf6 Bxf6 7. Nf3 0-0 8. Bd3 d6 9. 0-0 Nd7 10. Rb1 c5 11. d5 Rc8 12. Bc4 Bxc3 13. bxc3 e5 14. Qe2 f5 15. Nd2 f4 16. a4 Rc7 17. Nf3 g5 18. g3 g4 19. Nh4 f3 20. Qe3 Nf6 21. Nf5 Bc8 22. h3 h5 23. Qg5+ Kh8 24. hxg4 hxg4 25. Bd3 Rg8 26. Qe3 Bxf5 27. exf5 Rh7 28. Rfd1 Qe8 29. Rf1 Qh5 0-1

[Event "JOR-ch"]
[Site "Amman"]
[Date "2009.05.08"]
[Round "8"]
[White "Mansour, Sameer"]
[Black "Saad, Baha"]
[Result "1-0"]
[WhiteElo "2255"]
[BlackElo "2127"]
[PlyCount "57"]
[EventDate "2009.04.09"]
[EventType "swiss"]
[EventRounds "9"]
[EventCountry "JOR"]
[SourceTitle "CBM 130 Extra"]
[Source "ChessBase"]
[SourceDate "2009.07.02"]
[SourceVersion "2"]
[SourceVersionDate "2009.07.15"]
[SourceQuality "1"]

1. g3 d5 2. Bg2 Nf6 3. Nf3 Bg4 4. c4 c6 5. cxd5 cxd5 6. Ne5 Bf5 7. Qb3 Qc7 8. Nc3 e6 9. d4 Nc6 10. Nxc6 bxc6 11. 0-0 Rb8 12. Qd1 Bd6 13. Na4 Nd7 14. Be3 Nb6 15. Nc5 Bxc5 16. dxc5 Nc4 17. Bc1 Nxb2 18. Bxb2 Rxb2 19. e4 Bg6 20. Qd4 Re2 21. Qxg7 Rf8 22. Rfe1 Rxe1+ 23. Rxe1 Qa5 24. Rb1 Qc7 25. Rb4 Ke7 26. Qb2 Qa5 27. Rb7+ Ke8 28. Qe5 Bxe4 29. Qd6 1-0

[Event "JOR-ch"]
[Site "Amman"]
[Date "2009.05.07"]
[Round "7"]
[White "Saad, Baha"]
[Black "Battikhi, Husein"]
[Result "1-0"]
[WhiteElo "2127"]
[BlackElo "2187"]
[PlyCount "67"]
[EventDate "2009.04.09"]
[EventType "swiss"]
[EventRounds "9"]
[EventCountry "JOR"]
[SourceTitle "CBM 130 Extra"]
[Source "ChessBase"]
[SourceDate "2009.07.02"]
[SourceVersion "2"]
[SourceVersionDate "2009.07.15"]
[SourceQuality "1"]

1. d4 g6 2. c4 Bg7 3. e4 d6 4. Nc3 Nf6 5. Be2 0-0 6. f4 c6 7. Nf3 a6 8. a4 a5 9. 0-0 Na6 10. e5 Ne8 11. Qb3 Nb4 12. Be3 Nc7 13. h3 d5 14. g4 dxc4 15. Bxc4 Ncd5 16. Bd2 h5 17. f5 hxg4 18. hxg4 gxf5 19. g5 e6 20. Kf2 Ne7 21. Ne2 Nbd5 22. Ng3 Ng6 23. Nh5 c5 24. Rh1 cxd4 25. Rag1 Ne3 26. Bxe3 dxe3+ 27. Qxe3 Qc7 28. Nf6+ Bxf6 29. gxf6 f4 30. Qe4 Qc5+ 31. Kf1 Qxc4+ 32. Qxc4 b6 33. Qe4 Ba6+ 34. Kf2 1-0

[Event "JOR-ch sf"]
[Site "Amman"]
[Date "2009.04.03"]
[Round "7"]
[White "Saad, Baha"]
[Black "Almograbi, Fuad"]
[Result "1-0"]
[WhiteElo "2115"]
[BlackElo "1896"]
[PlyCount "66"]
[EventDate "2009.03.26"]
[EventType "swiss"]
[EventRounds "9"]
[EventCountry "JOR"]
[SourceTitle "EXT 2022"]
[Source "ChessBase"]
[SourceDate "2021.10.06"]
[SourceVersion "1"]
[SourceVersionDate "2021.10.06"]
[SourceQuality "1"]

1. d4 d5 2. Nf3 Nf6 3. Bg5 e6 4. Nbd2 Be7 5. e3 0-0 6. Bd3 c5 7. c3 Nc6 8. 0-0 c4 9. Bc2 Bd7 10. Qe2 Ne8 11. Bxe7 Qxe7 12. e4 f5 13. exd5 exd5 14. Qxe7 Nxe7 15. Rfe1 Nc6 16. Ne5 Nf6 17. b3 b5 18. Nxc6 Bxc6 19. Bxf5 Rfe8 20. Nf3 Ne4 21. Ne5 Bb7 22. Bxe4 dxe4 23. bxc4 Rxe5 24. dxe5 bxc4 25. Rab1 Bc6 26. Rb4 a5 27. Rxc4 Bd5 28. Ra4 Kf7 29. Rb1 Ke6 30. Rb5 Bc6 31. Rbxa5 Rd8 32. Rd4 Rb8 33. Rd6+ Ke7 1-0

[Event "Arcapita op"]
[Site "Manama"]
[Date "2009.01.26"]
[Round "3"]
[White "Saleh, Nora Mohd"]
[Black "Saad, Baha"]
[Result "1-0"]
[WhiteElo "1879"]
[BlackElo "2115"]
[PlyCount "76"]
[EventDate "2009.01.24"]
[EventType "swiss"]
[EventRounds "9"]
[EventCountry "BHN"]
[SourceTitle "CBM 128 Extra"]
[Source "ChessBase"]
[SourceDate "2009.03.05"]
[SourceVersion "2"]
[SourceVersionDate "2009.03.25"]
[SourceQuality "1"]

1. d4 Nf6 2. c4 e6 3. Nc3 Bb4 4. Qc2 0-0 5. Nf3 d5 6. e3 Bxc3+ 7. Qxc3 c5 8. dxc5 Ne4 9. Qa3 Nc6 10. b4 a5 11. Rb1 Bd7 12. b5 Nb4 13. Rb2 Nxc5 14. Bd2 b6 15. Bxb4 axb4 16. Qxb4 Ra4 17. Qd2 dxc4 18. Qc2 Bc8 19. Ne5 Bb7 20. Nxc4 Bxg2 21. Rg1 Be4 22. Qc3 f6 23. Rd2 Bd5 24. Qc2 Qc7 25. f4 Be4 26. Qd1 Rfa8 27. a3 Nd3+ 28. Bxd3 Bxd3 29. Rxd3 Rxc4 30. Rd7 Qxd7 31. Qxd7 Rc1+ 32. Kf2 Rc2+ 33. Kf3 g6 34. Qxe6+ Kg7 35. Qe7+ Kh6 36. Rd1 Rxh2 37. Rd7 Rh3+ 38. Kg2 Rh4 1-0